Collective Nouns - Statistics

General Stats
  • This quiz has been taken 230 times
  • The average score is 20 of 69
Answer Stats
Hint Answer % Correct
Wolves Pack
82%
Mules Pack
82%
Weasels Pack
82%
Lions Pride
80%
Crows Murder
74%
Owls Parliament
67%
Elk Herd
62%
Rabbits Herd
62%
Geese Gaggle
61%
Bees Swarm
61%
Ants Colony
50%
Islands Archipelago
46%
Rhino Crash
46%
Monkeys Troop
41%
Whales Pod
39%
Camels Caravan
34%
Flamingos Flamboyance
34%
Giraffes Tower
31%
Leapard Leap
29%
Oysters Bed
27%
Hippopotami Bloat
27%
Thieves Den
27%
Otters Family
27%
Ravens Unkindness
27%
Falcons Cast
26%
Rumours Nest
26%
Butterflies Kaleidoscope
25%
Hyenas Cackle
24%
Kittens Kindle
24%
Swans Bevy
23%
Porcupines Prickle
23%
Gorillas Band
22%
Parrots Pandemonium
22%
Exercises Book
21%
Ferrets Business
21%
Elephants Parade
21%
Rats Plague
21%
Sharks Shiver
21%
Actors/Performers Troupe
21%
Crocodiles Bask
20%
Cobras Quiver
20%
Oxen Yoke
20%
Eagles Convocation
19%
Jaguars Shadow
19%
Cats Clowder
18%
Zebras Zeal
18%
Directors Board
17%
Badgers Cete
17%
Skunks Stench
17%
Tigers Ambush
16%
Magpies Mischief
16%
Bears Sleuth
15%
Toads Knot
14%
Colts Rag
14%
Squirrels Scurry
14%
Swans (while flying) Wedge
14%
Foxes Charm
13%
Moles Labour
13%
Turkeys Rafter
13%
Apes Shrewdness
13%
Wild Cats Destruction
12%
Buffalos Obstinacy
10%
Bats Camp
9%
Lemurs Conspiracy
8%
Young Pigs Drift
8%
Hawks Pocket
8%
Donkeys Drove
6%
Stingrays Fever
6%
Older Pigs Sounder
5%
No matching quizzes found
Score Distribution
Percent of People with Each Score
Percentile by Number Answered
Your Score History
You have not taken this quiz